000 01646cam a22003494a 4500
999 _c329013
_d329013
001 13611481
003 Nust
005 20170420155605.0
008 040602r20051969nju i 001 0 eng
010 _a 2004048684
020 _a9780691120546
040 _aDLC
_cDLC
_dDLC
041 1 _aeng
_hara
042 _apcc
050 0 0 _aD16.7
_b.I24132 2005
082 0 0 _a901
_bKHA
100 0 _aIbn Khaldūn,
_d1332-1406.
240 1 0 _aKitāb al-ʻibar.
_pMuqaddimah.
_kSelections.
_lEnglish
245 1 4 _aThe Muqaddimah :
_ban introduction to history /
_cIbn Khaldun ; translated and introduced by Franz Rosenthal ; abridged and edited by N.J. Dawood.
250 _a1st Princeton classic ed. / with a new introduction by Bruce B. Lawrence.
260 _aPrinceton, NJ :
_bPrinceton University Press,
_c2005.
300 _axliv, 465 p. ;
_c20 cm.
500 _aOriginally published: Princeton : Princeton University Press, 1969. With new introd.
500 _aIncludes index.
650 0 _aHistory
_xPhilosophy
_vEarly works to 1800.
650 0 _aCivilization
_vEarly works to 1800.
700 1 _aRosenthal, Franz,
_d1914-2003.
700 1 _aDawood, N. J.
700 1 _aLawrence, Bruce B.
856 4 2 _3Publisher description
_uhttp://www.loc.gov/catdir/description/prin051/2004048684.html
906 _a7
_bcbc
_corignew
_d1
_eocip
_f20
_gy-gencatlg
942 _2ddc
_cBK